000 02907nab a2200277 i 4500
003 BR-BrBNA
005 20240815145854.0
008 240815b2017 bl.qr|pooa||| 00| 0 por |
040 _aBR-BrBNA
_bpor
072 _aF60
_b2275
072 _aF30
100 _aAdamuchio, L.G.
100 _aDeschamps, C.
100 _aMachado, M.P.
245 _aAspectos gerais sobre a cultura da Lavanda (Lavandula spp.)
500 _aPublicação on-line; 45 ref.; 2 tables; Summaries (En, Pt)
520 _a RESUMO: A lavanda (Lavandula spp.) é uma espécie aromática, medicinal e ornamental da família Lamiaceae cultivada em diferentes regiões do mundo para a produção de óleo essencial obtido de folhas e inflorescências. Embora o Brasil possua uma grande demanda pelo óleo essencial da espécie, o seu cultivo no país ainda é insignificante. Tendo em vista que as condições climáticas e genotípicas afetam diretamente a produção dos metabólitos secundários, faz-se necessário a seleção dos genótipos mais adequados para cada região bem como desenvolver tecnologia de cultivo a fim de alcançar produção de óleo que atenda aos padrões de mercado. O objetivo desta revisão é fornecer dados técnico científicos sobre a cultura da lavanda e discutir sobre a situação atual do mercado e da pesquisa brasileira com a espécie. Palavras-chave: Lamiaceae, óleo essencial, cultivo, planta medicinal
520 _a ABSTRACT: General aspects of Lavender cultivation (Lavandula spp.). Lavender (Lavandula spp.) is an aromatic, medicinal and ornamental species from Lamiaceae family cultivated in different regions of the world for essential oil which is obtained from their leaves and inflorescences. Although Brazil has a great demand for the essential oil of this species, its cultivation in the country is still insignificant. Given that climate and genetic conditions directly affect the production of secondary metabolites, it is necessary to select the most appropriate genotypes for each region as well as to develop technology for cultivation in order to achieve the oil production that meets the industry standards. The objective of this review is to provide technical and scientific information on the cultivation of lavender and to discuss about the Brazilian market and research of this plant species. Keywords: Lamiaceae, essential oil, farming, medicinal plant.
650 _aÓLEO ESSENCIAL
650 _aPLANTA MEDICINAL
650 _aALFAZEMA
773 0 _03543
_9317263
_dBotucatu-SP Instituto de Biociências - Departamento de Química e Bioquímica 1998
_o2024-3900
_tRevista Brasileira de Plantas Medicinais (Brazil)
_x1516-0572
_gv. 19(4) p. 477-484; (2017)
_wBR2024002137
856 _uhttps://www.sbpmed.org.br/admin/files/papers/file_5nNqTx9fIBGE.pdf
942 _cAnalítica
999 _c300914
_d300914